00667nam a2200217Ia 4500003000400000005001700004008004100021020001500062040001800077041000800095082002100103100002200124245008400146250001200230260006300242300003100305650003300336650001500369650003900384700002600423OSt20240517134722.0210716s2001 xx 000 0 und d a817473001X cAIMIT LIBRARY aeng a374.22 21bNAPR aNapier, Radney W. aGroups : btheory and experience /cBy Rodney W Napier and Matti K Gerdhenfeld. a5th ed. aNew Delhi :bA.I.T.B.S. Publishers & Distributors ,c2001. axviii,619p. ;bPBc21.5 cm aPerception and communication aMembership anorms group pressures and deviancy aGershenfeld, Matti K.